[Event "Portuguese Masters"]
[Site "Lisbon"]
[Date "2022.12.21"]
[Round "8"]
[White "Silva, Goncalo Nuno Neto"]
[Black "Fidalgo, Andre Neves"]
[Result "0-1"]
[WhiteElo "2171"]
[BlackElo "2220"]
[PlyCount "34"]
[EventDate "2022.12.16"]
[EventType "tourn"]
[EventRounds "9"]
[EventCountry "POR"]
[SourceTitle "CBM 211 Extra"]
[Source "ChessBase"]
[SourceDate "2023.01.31"]
[SourceVersion "1"]
[SourceVersionDate "2023.01.31"]
[SourceQuality "1"]

1. e4 c5 2. Nf3 d6 3. c3 Nf6 4. g3 Nc6 5. Qe2 g6 6. Bg2 Bg7 7. 0-0 0-0 8. h3 e5 9. Na3 h6 10. Nc2 d5 11. d3 Be6 12. Rd1 Qd7 13. d4 exd4 14. exd5 Bxd5 15. cxd4 Rfe8 16. Qb5 cxd4 17. Ncxd4 Bxf3 0-1

[Event "Portuguese Masters"]
[Site "Lisbon"]
[Date "2022.12.20"]
[Round "7"]
[White "Margarido, Jose Miguel Teixeir"]
[Black "Silva, Goncalo Nuno Neto"]
[Result "1-0"]
[WhiteElo "2124"]
[BlackElo "2171"]
[PlyCount "57"]
[EventDate "2022.12.16"]
[EventType "tourn"]
[EventRounds "9"]
[EventCountry "POR"]
[SourceTitle "CBM 211 Extra"]
[Source "ChessBase"]
[SourceDate "2023.01.31"]
[SourceVersion "1"]
[SourceVersionDate "2023.01.31"]
[SourceQuality "1"]

1. e4 c5 2. Nf3 Nc6 3. Bb5 g6 4. 0-0 Bg7 5. Re1 Nf6 6. c3 0-0 7. d4 cxd4 8. cxd4 d5 9. e5 Ne4 10. Bxc6 bxc6 11. Be3 f6 12. Nbd2 Nxd2 13. Qxd2 Bg4 14. exf6 exf6 15. Bh6 Bxh6 16. Qxh6 Qd6 17. Nd2 Rfe8 18. Nb3 Re7 19. Rxe7 Qxe7 20. Qd2 Re8 21. f3 Bf5 22. Kf2 Qc7 23. g3 Rb8 24. Nc5 h5 25. Na6 Qb6 26. Nxb8 Qxb8 27. b3 g5 28. Qc3 Bd7 29. Re1 1-0

[Event "Portuguese Masters"]
[Site "Lisbon"]
[Date "2022.12.17"]
[Round "2"]
[White "Martins, Bruno Andre Leite"]
[Black "Silva, Goncalo Nuno Neto"]
[Result "1-0"]
[WhiteElo "2298"]
[BlackElo "2171"]
[PlyCount "61"]
[EventDate "2022.12.16"]
[EventType "tourn"]
[EventRounds "9"]
[EventCountry "POR"]
[SourceTitle "CBM 211 Extra"]
[Source "ChessBase"]
[SourceDate "2023.01.31"]
[SourceVersion "1"]
[SourceVersionDate "2023.01.31"]
[SourceQuality "1"]

1. e4 c5 2. Nf3 Nc6 3. d4 cxd4 4. Nxd4 g6 5. c4 Bg7 6. Be3 Nf6 7. Nc3 0-0 8. Be2 d6 9. 0-0 Bd7 10. h3 Nxd4 11. Bxd4 Qa5 12. a3 Rfc8 13. b4 Qd8 14. Qd3 Be6 15. Nd5 Nxd5 16. exd5 Bf5 17. Qc3 Bxd4 18. Qxd4 Qb6 19. Qd2 a5 20. Rfe1 axb4 21. axb4 Ra7 22. Rxa7 Qxa7 23. Bf1 Re8 24. Qc3 Qb6 25. c5 dxc5 26. bxc5 Rc8 27. Rxe7 Qd8 28. d6 Be6 29. Bb5 Qf8 30. Rxb7 Qh6 31. d7 1-0

[Event "POR-ch Blitz"]
[Site "Viseu"]
[Date "2022.06.11"]
[Round "7"]
[White "Amaro, Goncalo Ferreira"]
[Black "Silva, Goncalo Nuno Neto"]
[Result "0-1"]
[WhiteElo "1708"]
[BlackElo "2171"]
[PlyCount "60"]
[EventDate "2022.06.11"]
[EventType "swiss (blitz)"]
[EventRounds "11"]
[EventCountry "POR"]
[SourceTitle "CBM 208 Extra"]
[Source "ChessBase"]
[SourceDate "2022.07.31"]
[SourceVersion "1"]
[SourceVersionDate "2022.07.31"]
[SourceQuality "1"]

1. e4 c5 2. c3 g6 3. d4 cxd4 4. cxd4 Bg7 5. Nc3 d6 6. Be3 Nf6 7. Nf3 Nc6 8. Be2 0-0 9. 0-0 h6 10. Qd2 Ng4 11. Bf4 e5 12. dxe5 dxe5 13. Bg3 Qxd2 14. Nxd2 Nd4 15. Bd1 Be6 16. h3 Nf6 17. Bxe5 Nc6 18. Bg3 Rad8 19. Nf3 Nb4 20. Bb3 Nd3 21. Bxe6 fxe6 22. b3 Nh5 23. e5 Nxg3 24. fxg3 Nxe5 25. Nxe5 Bxe5 26. Rac1 Bd4+ 27. Kh2 Rxf1 28. Rxf1 Bxc3 29. Rc1 Bd4 30. Rc7 b5 0-1

[Event "Portuguese Masters"]
[Site "Gaia"]
[Date "2021.12.23"]
[Round "9"]
[White "Sismeiro, Miguel"]
[Black "Silva, Goncalo Nuno Neto"]
[Result "1/2-1/2"]
[WhiteElo "2203"]
[BlackElo "2213"]
[PlyCount "67"]
[EventDate "2021.12.17"]
[EventType "tourn"]
[EventRounds "9"]
[EventCountry "POR"]
[EventCategory "1"]
[SourceTitle "CBM 205 Extra"]
[Source "ChessBase"]
[SourceDate "2022.01.31"]
[SourceVersion "1"]
[SourceVersionDate "2022.01.31"]
[SourceQuality "1"]

1. e4 c5 2. Nf3 Nc6 3. Bb5 g6 4. 0-0 Bg7 5. Nc3 Nd4 6. Re1 Nxb5 7. Nxb5 d6 8. d4 a6 9. Nc3 cxd4 10. Nxd4 Nf6 11. Nd5 0-0 12. c3 Bd7 13. Bg5 e6 14. Nxf6+ Bxf6 15. Bxf6 Qxf6 16. a4 Rfd8 17. Qb3 Rab8 18. a5 Qe5 19. Qb4 Qc5 20. Qxc5 dxc5 21. Nb3 Rdc8 22. Rad1 Bb5 23. Rd6 Kf8 24. f3 Ke7 25. Rb6 Rc7 26. Rd1 Ba4 27. Rd2 Bxb3 28. Rxb3 Rd7 29. Rxd7+ Kxd7 30. Kf2 Kc7 31. Ke2 Rd8 32. Ra3 Rd6 33. c4 Rd4 34. b3 1/2-1/2

[Event "Portuguese Masters"]
[Site "Gaia"]
[Date "2021.12.20"]
[Round "5"]
[White "Rego, Pedro Filipe"]
[Black "Silva, Goncalo Nuno Neto"]
[Result "1-0"]
[WhiteElo "2213"]
[BlackElo "2213"]
[PlyCount "45"]
[EventDate "2021.12.17"]
[EventType "tourn"]
[EventRounds "9"]
[EventCountry "POR"]
[EventCategory "1"]
[SourceTitle "CBM 205 Extra"]
[Source "ChessBase"]
[SourceDate "2022.01.31"]
[SourceVersion "1"]
[SourceVersionDate "2022.01.31"]
[SourceQuality "1"]

1. d4 c5 2. e4 cxd4 3. Nf3 Nc6 4. Nxd4 e5 5. Nb5 d6 6. a4 Be6 7. N1c3 a6 8. Na3 Nf6 9. Bc4 Be7 10. 0-0 0-0 11. Bg5 Nxe4 12. Nxe4 Bxc4 13. Bxe7 Nxe7 14. Nxc4 d5 15. Qg4 f5 16. Qh3 dxe4 17. Qb3 Qd5 18. Rad1 Qf7 19. Rd7 b5 20. axb5 axb5 21. Qxb5 Qe6 22. Qb7 Rfe8 23. Nd6 1-0

[Event "Portuguese Masters"]
[Site "Gaia"]
[Date "2021.12.18"]
[Round "2"]
[White "Silva, Goncalo Nuno Neto"]
[Black "Silva, Miguel Antonio Neto"]
[Result "1/2-1/2"]
[WhiteElo "2213"]
[BlackElo "2233"]
[PlyCount "37"]
[EventDate "2021.12.17"]
[EventType "tourn"]
[EventRounds "9"]
[EventCountry "POR"]
[EventCategory "1"]
[SourceTitle "CBM 205 Extra"]
[Source "ChessBase"]
[SourceDate "2022.01.31"]
[SourceVersion "1"]
[SourceVersionDate "2022.01.31"]
[SourceQuality "1"]

1. e4 e6 2. d4 d5 3. exd5 exd5 4. Bd3 Bd6 5. Ne2 Ne7 6. c3 c6 7. 0-0 Bf5 8. Bf4 0-0 9. Bxd6 Qxd6 10. Bxf5 Nxf5 11. Nd2 Nd7 12. Ng3 Nxg3 13. hxg3 Rfe8 14. Qf3 Qf6 15. Qxf6 Nxf6 16. Rfe1 Kf8 17. f3 Rxe1+ 18. Rxe1 Re8 19. Rxe8+ 1/2-1/2

[Event "Portuguese Masters"]
[Site "Fatima"]
[Date "2021.04.10"]
[Round "6"]
[White "Silva, Goncalo Nuno Neto"]
[Black "Dias, Paulo Jorge Guimara"]
[Result "0-1"]
[WhiteElo "2160"]
[BlackElo "2344"]
[PlyCount "72"]
[EventDate "2021.04.06"]
[EventType "tourn"]
[EventRounds "9"]
[EventCountry "POR"]
[EventCategory "1"]
[SourceTitle "CBM 201 Extra"]
[Source "ChessBase"]
[SourceDate "2021.05.31"]
[SourceVersion "1"]
[SourceVersionDate "2021.05.31"]
[SourceQuality "1"]

1. e4 e5 2. Nf3 Nc6 3. Bc4 Nf6 4. 0-0 Nxe4 5. Re1 d5 6. Bb5 Bc5 7. d4 exd4 8. Nbd2 0-0 9. Nxe4 dxe4 10. Rxe4 Qd5 11. Qe2 Bf5 12. Bxc6 Qxc6 13. Re5 Bg4 14. Qc4 Bd6 15. Qxc6 bxc6 16. Re4 Bxf3 17. gxf3 c5 18. Bd2 f5 19. Ree1 Kf7 20. Rac1 Rfe8 21. Red1 Re6 22. c3 Rg6+ 23. Kh1 Re8 24. cxd4 cxd4 25. Re1 Rxe1+ 26. Rxe1 c5 27. b3 Re6 28. Rd1 Kf6 29. Kg2 Ke5 30. f4+ Kd5 31. Kf3 Rh6 32. Rg1 Rh3+ 33. Ke2 g6 34. f3 Rxh2+ 35. Kd3 Rf2 36. Rh1 Bxf4 0-1

[Event "Portuguese Masters"]
[Site "Fatima"]
[Date "2021.04.08"]
[Round "3"]
[White "Veiga, Jose Francisco RP"]
[Black "Silva, Goncalo Nuno Neto"]
[Result "1-0"]
[WhiteElo "2350"]
[BlackElo "2160"]
[PlyCount "69"]
[EventDate "2021.04.06"]
[EventType "tourn"]
[EventRounds "9"]
[EventCountry "POR"]
[EventCategory "1"]
[SourceTitle "CBM 201 Extra"]
[Source "ChessBase"]
[SourceDate "2021.05.31"]
[SourceVersion "1"]
[SourceVersionDate "2021.05.31"]
[SourceQuality "1"]

1. e4 c5 2. Nf3 Nc6 3. d4 cxd4 4. Nxd4 e5 5. Nb5 a6 6. Nd6+ Bxd6 7. Qxd6 Qe7 8. Qxe7+ Ngxe7 9. Nc3 0-0 10. Be3 b5 11. 0-0-0 Rb8 12. Bc5 Re8 13. Nd5 Nxd5 14. Rxd5 f6 15. Be2 Ne7 16. Rd6 Kf7 17. Bg4 Rb7 18. Rhd1 Rc7 19. b4 f5 20. exf5 Rc6 21. f6 gxf6 22. Rxc6 dxc6 23. Bxc8 Nxc8 24. Rd7+ Ke6 25. Rc7 Kd5 26. Rd7+ Kc4 27. Rxh7 a5 28. a3 axb4 29. axb4 f5 30. Rd7 Kc3 31. Rd3+ Kc4 32. Kb2 Ne7 33. f4 Nd5 34. fxe5 Nxb4 35. Rc3+ 1-0

[Event "Lisbon Portugal op"]
[Site "Lisbon"]
[Date "2020.02.01"]
[Round "9"]
[White "Silva, Goncalo Nuno Neto"]
[Black "Gonzalez Trigal, Jose Luis"]
[Result "0-1"]
[WhiteElo "2133"]
[BlackElo "2369"]
[PlyCount "162"]
[EventDate "2020.01.25"]
[EventType "swiss"]
[EventRounds "9"]
[EventCountry "POR"]
[SourceTitle "CBM 194"]
[Source "ChessBase"]
[SourceDate "2020.02.29"]
[SourceVersion "1"]
[SourceVersionDate "2020.02.29"]
[SourceQuality "1"]

1. e4 c5 2. Nf3 d6 3. Bb5+ Bd7 4. Bxd7+ Nxd7 5. c3 Ngf6 6. Qe2 Rc8 7. d4 cxd4 8. Nxd4 g6 9. 0-0 Bg7 10. Bg5 0-0 11. Nd2 Qa5 12. Bh4 Rfe8 13. a4 Qh5 14. Qxh5 Nxh5 15. N2b3 Nf4 16. Rfd1 Ne6 17. f3 Ne5 18. Nxe6 fxe6 19. Kf2 Nc4 20. Rab1 Bh6 21. Rd3 e5 22. Ke2 Rc6 23. Na1 b5 24. b3 Na3 25. axb5 Nxb5 26. c4 Nd4+ 27. Kd1 Rb8 28. Bxe7 Kf7 29. Bh4 Rxc4 30. Bf2 Rcb4 31. Bxd4 Rxd4 32. Ke2 Ra4 33. bxa4 Rxb1 34. Nc2 Rb2 35. Rc3 Ke6 36. Kd3 Kd7 37. h3 Rb1 38. Ke2 Rc1 39. Rc4 a6 40. Na3 Rg1 41. Kf2 Ra1 42. Nc2 Rc1 43. Ke2 Bg5 44. g3 h5 45. h4 Bd8 46. Ne3 Rxc4 47. Nxc4 Kc6 48. Kd3 Kc5 49. Kc3 Bc7 50. a5 Bd8 51. Kd3 Bc7 52. Kc3 d5 53. exd5 Kxd5 54. Kd3 Kc5 55. g4 Kd5 56. g5 Bd8 57. Ne3+ Kc5 58. Nc4 Bc7 59. Kc3 Kb5 60. Kb3 Kc5 61. Kc3 e4 62. fxe4 Bg3 63. Nb6 Bxh4 64. Nd7+ Kd6 65. Nb8 Bxg5 66. Kd4 Bf6+ 67. Ke3 Bc3 68. Nxa6 Bxa5 69. Kf3 g5 70. e5+ Kxe5 71. Nc5 g4+ 72. Kg3 Kf5 73. Nd3 Kg5 74. Kg2 Bc7 75. Nc5 Be5 76. Ne4+ Kf5 77. Nf2 Bd4 78. Nh1 h4 79. Kh2 Kf4 80. Kg2 Bc5 81. Kf1 Ke5 0-1

[Event "Lisbon Portugal op"]
[Site "Lisbon"]
[Date "2020.01.26"]
[Round "2"]
[White "Campora, Daniel Hugo"]
[Black "Silva, Goncalo Nuno Neto"]
[Result "1-0"]
[WhiteElo "2420"]
[BlackElo "2133"]
[PlyCount "43"]
[EventDate "2020.01.25"]
[EventType "swiss"]
[EventRounds "9"]
[EventCountry "POR"]
[SourceTitle "CBM 194"]
[Source "ChessBase"]
[SourceDate "2020.02.29"]
[SourceVersion "1"]
[SourceVersionDate "2020.02.29"]
[SourceQuality "1"]

1. e4 c5 2. Nf3 Nc6 3. Bb5 g6 4. 0-0 Bg7 5. Re1 Nf6 6. d3 0-0 7. h3 Qc7 8. e5 Nd5 9. c4 Nb6 10. Bf4 Nd4 11. Nxd4 cxd4 12. Nd2 f6 13. exf6 Qxf4 14. fxg7 Qxf2+ 15. Kh1 Kxg7 16. Rxe7+ Kh8 17. Re2 Qf5 18. Qg1 Kg7 19. Rf1 Qc5 20. Rxf8 Kxf8 21. b4 Qh5 22. Qf2+ 1-0

[Event "Iberoamerican-ch 7th"]
[Site "Linares"]
[Date "2019.08.15"]
[Round "6"]
[White "Roselli Mailhe, Bernardo"]
[Black "Silva, Goncalo Nuno Neto"]
[Result "1/2-1/2"]
[WhiteElo "2461"]
[BlackElo "2085"]
[PlyCount "91"]
[EventDate "2019.08.10"]
[EventType "swiss"]
[EventRounds "9"]
[EventCountry "ESP"]
[SourceTitle "CBM 191 Extra"]
[Source "ChessBase"]
[SourceDate "2019.09.30"]
[SourceVersion "1"]
[SourceVersionDate "2019.09.30"]
[SourceQuality "1"]

1. d4 Nf6 2. c4 g6 3. Nc3 Bg7 4. e4 d6 5. Nf3 0-0 6. Be2 Nbd7 7. 0-0 e5 8. d5 Qe7 9. Bg5 h6 10. Bh4 a5 11. Nd2 Re8 12. f3 g5 13. Bf2 Nf8 14. a3 Ng6 15. b4 axb4 16. axb4 Rxa1 17. Qxa1 Nf4 18. Re1 g4 19. Bh4 Ng6 20. Bf2 Nf4 21. Bf1 h5 22. Qa5 Bh6 23. Be3 h4 24. g3 hxg3 25. hxg3 Nh3+ 26. Bxh3 Bxe3+ 27. Rxe3 gxh3 28. Nf1 Nh5 29. Ne2 Rf8 30. c5 f5 31. exf5 Bxf5 32. cxd6 cxd6 33. Rc3 e4 34. Qa2 exf3 35. Rxf3 Qe4 36. Rf2 Qxb4 37. Qd2 Qxd2 38. Nxd2 Bg4 39. Nc3 Nxg3 40. Rxf8+ Kxf8 41. Nc4 Ke7 42. Na5 Nf5 43. Nxb7 Bf3 44. Kh2 Bg2 45. Ne2 Bxd5 46. Nxd6 1/2-1/2

[Event "Guimaraes 2nd"]
[Site "Guimaraes"]
[Date "2018.10.05"]
[Round "2"]
[White "Solodovnichenko, Yuri"]
[Black "Silva, Goncalo Nuno Neto"]
[Result "1-0"]
[WhiteElo "2554"]
[BlackElo "1996"]
[PlyCount "77"]
[EventDate "2018.10.04"]
[EventType "swiss"]
[EventRounds "7"]
[EventCountry "POR"]
[SourceTitle "CBM 186 Extra"]
[Source "ChessBase"]
[SourceDate "2018.08.24"]
[SourceVersion "1"]
[SourceVersionDate "2018.08.24"]
[SourceQuality "1"]

1. e4 c5 2. Nf3 Nc6 3. Bb5 g6 4. 0-0 Bg7 5. Re1 Nf6 6. e5 Nd5 7. Nc3 Nc7 8. Bxc6 dxc6 9. Ne4 Bg4 10. Nxc5 Qd5 11. d4 Rd8 12. Nxb7 Rb8 13. Nc5 0-0 14. b3 Rbd8 15. Bb2 f6 16. c4 Qf7 17. h3 Bxf3 18. Qxf3 fxe5 19. Qxf7+ Rxf7 20. dxe5 Rd2 21. Bc3 Rc2 22. Bd4 Rf4 23. Red1 Kf7 24. Be3 Rf5 25. f4 g5 26. g4 gxf4 27. gxf5 fxe3 28. f6 e2 29. Rd7 Bh6 30. Rxe7+ Kg6 31. Kf2 Bd2 32. Rg1+ Kh6 33. Kxe2 Bb4+ 34. Kd3 Rd2+ 35. Ke3 Rh2 36. Ne4 Rxh3+ 37. Kf4 Rh4+ 38. Rg4 Bxe7 39. Rxh4+ 1-0

[Event "Barreiro op 3rd"]
[Site "Barreiro"]
[Date "2017.10.06"]
[Round "3"]
[White "Silva, Goncalo Nuno Neto"]
[Black "Baptista, Ana Filipa"]
[Result "1-0"]
[WhiteElo "1985"]
[BlackElo "1984"]
[PlyCount "63"]
[EventDate "2017.10.05"]
[EventType "swiss"]
[EventRounds "7"]
[EventCountry "POR"]
[SourceTitle "CBM 181 Extra"]
[Source "ChessBase"]
[SourceDate "2017.12.12"]
[SourceVersion "1"]
[SourceVersionDate "2017.12.12"]
[SourceQuality "1"]

1. e4 c5 2. Nf3 e6 3. c3 Nf6 4. e5 Nd5 5. d4 cxd4 6. cxd4 d6 7. Nc3 Nb6 8. Bg5 Be7 9. Nb5 f6 10. exf6 gxf6 11. Bh6 Nd5 12. Nd2 Kd7 13. Bc4 Qb6 14. Qb3 Nc7 15. Rc1 d5 16. Nxc7 Qxc7 17. Bb5+ Nc6 18. Qc2 Qb6 19. Ba4 Qa6 20. Bxc6+ Qxc6 21. Qb1 Qa4 22. Bg7 Re8 23. Nb3 Qb5 24. Qc2 Bb4+ 25. Kd1 Re7 26. Bxf6 Bd6 27. Bxe7 Bxe7 28. Re1 b6 29. Qxh7 a5 30. Qg6 Qb4 31. Qxe6+ Kd8 32. Qg8+ 1-0

[Event "Gaia Profigaia op 9th"]
[Site "Vila Nova de Gaia"]
[Date "2016.06.28"]
[Round "7"]
[White "Silva, Goncalo Nuno Neto"]
[Black "Sa, Claudio Simao Carva"]
[Result "1-0"]
[WhiteElo "1953"]
[BlackElo "1788"]
[PlyCount "97"]
[EventDate "2016.06.24"]
[EventType "swiss"]
[EventRounds "7"]
[EventCountry "POR"]
[SourceTitle "EXT 2018"]
[Source "ChessBase"]
[SourceDate "2017.10.13"]
[SourceVersion "1"]
[SourceVersionDate "2017.10.13"]
[SourceQuality "1"]

1. e4 e6 2. d4 d5 3. exd5 exd5 4. Bd3 Bd6 5. c3 Nc6 6. Nf3 Bg4 7. h3 Bh5 8. 0-0 Nge7 9. b4 Qd7 10. b5 Nd8 11. Nbd2 Ne6 12. Nb3 Bg6 13. c4 Bxd3 14. Qxd3 dxc4 15. Qxc4 0-0 16. Be3 Nd5 17. Rfe1 Nb6 18. Qd3 c5 19. bxc6 bxc6 20. Rac1 Rac8 21. Red1 Rfd8 22. Qf5 Nd5 23. Nbd2 Nef4 24. Qxd7 Rxd7 25. Bxf4 Nxf4 26. Kf1 Ba3 27. Rc2 Ne6 28. Nc4 Bc5 29. Nce5 Rd5 30. Rdc1 Ba3 31. Rxc6 Rcd8 32. Rd1 Nxd4 33. Rxd4 Rxd4 34. Nxd4 Rxd4 35. Rc8+ Bf8 36. Nc6 Rd7 37. a4 g6 38. Ra8 Kg7 39. Rxa7 Rd6 40. Rc7 Rd1+ 41. Ke2 Ra1 42. a5 Bc5 43. f4 Bd6 44. Ra7 Bxf4 45. Nd8 Ra2+ 46. Kf3 Bb8 47. Rxf7+ Kh6 48. Rb7 Bd6 49. Nf7+ 1-0

[Event "Portugal op"]
[Site "Oeiras"]
[Date "2015.08.31"]
[Round "2"]
[White "Silva, Goncalo Nuno Neto"]
[Black "Fernandes, Ricardo Paulos"]
[Result "1-0"]
[WhiteElo "1926"]
[BlackElo "1439"]
[PlyCount "63"]
[EventDate "2015.08.30"]
[EventType "swiss"]
[EventRounds "9"]
[EventCountry "POR"]
[SourceTitle "EXT 2016"]
[Source "ChessBase"]
[SourceDate "2015.10.08"]
[SourceVersion "1"]
[SourceVersionDate "2015.10.08"]
[SourceQuality "1"]

1. e4 e5 2. Nf3 Nc6 3. Bc4 Bc5 4. 0-0 Nf6 5. d4 exd4 6. e5 Ng4 7. Bxf7+ Kxf7 8. Ng5+ Kg8 9. Qxg4 d6 10. e6 Ne5 11. Qf5 Qe7 12. f4 g6 13. Qe4 Ng4 14. Kh1 d3 15. cxd3 Nf2+ 16. Rxf2 Bxf2 17. Nc3 c6 18. f5 Kg7 19. Qf4 Rf8 20. Qxf2 Rxf5 21. Qd4+ Kg8 22. Bd2 Bxe6 23. Re1 Re8 24. Nce4 Bd5 25. Bc3 Re5 26. Nf3 c5 27. Qf2 Re6 28. Nf6+ Kf8 29. Nxd5 Qf7 30. Rxe6 Rxe6 31. Qh4 Re8 32. Qh6+ 1-0